| 000 | 01764nam a22002297a 4500 | ||
|---|---|---|---|
| 999 |
_c59315 _d59315 |
||
| 003 | Ge_BSU | ||
| 005 | 20230117112051.0 | ||
| 008 | 230117s2022 ge ||||| |||| 00| 0 geo d | ||
| 041 | _ageo | ||
| 080 | _a57 მ-43 | ||
| 100 | _4მახარაზე, გურანდა | ||
| 245 |
_aშავი ზღვის სამხრეთ-აღმოსავლეთ სანაპირო ზოლის (სარფი-ფოთი) ეპიფაუნის ბიომრავალფეროვნება : _bდისერტაცია / _cგურანდა მახარაძე; სამეცნიერო ხელმძღვანელი რევაზ ზოსიძე; ბსუ; საბუნებისმეტყველო მეცნიერებათა და ჯანდაცვის ფაკულტეტი. ბიოლოგიის დეპარტამენტი. |
||
| 264 |
_aბათუმი, _c2022. |
||
| 300 |
_a182 გვ. : _bილ.; _c30 სმ. |
||
| 501 | _aდანართი გვ. 140-182 | ||
| 504 | _aბიბლიოგრ. გვ. 136-139 | ||
| 653 | _aბიოლოგია | ||
| 653 | _aდისერტაცია | ||
| 700 |
_aზოსიძე, რევაზ _eსამეცნიერო ხელმძღვანელი _911998 |
||
| 710 |
_aბათუმის შოთა რუსთაველის სახელმწიფო უნივერსიტეტი _bსაბუნებისმეტყველო მეცნიერებათა და ჯანდაცვის ფაკულტეტი. ბიოლოგიის დეპარტამენტი. _910400 |
||
| 942 |
_2udc _cDS |
||